Statistics for Jack Klugman Movies

Click here to take the quiz!

General Stats

  • This quiz has been taken 11 times
  • The average score is 10 of 20

Answer Stats

HintAnswer% Correct
195712 Angry Men
100%
1969Goodbye, Columbus
73%
1962Days of Wine and Roses
64%
1963I Could Go on Singing
64%
1968The Detective
64%
1963Act One
55%
1958Cry Terror!
55%
1996Dear God
55%
1968The Split
55%
1963The Yellow Canary
55%
1956Time Table
55%
1976Two-Minute Warning
55%
2005When Do We Eat?
55%
2010Camera Obscura
45%
1971Who Says I Can't Ride a Rainbow!
45%
1952Grubstake
36%
1965Hail, Mafia
36%
1996The Twilight of the Golds
36%
1968Where Were You When the Lights Went Out?
27%
1980Challenge of the Tiger
9%

Score Distribution

Percentile by Number Answered

Percent of People with Each Score

Your Score History

You have not taken this quiz